| 000 | 00365nam a2200121Ia 4500 | ||
|---|---|---|---|
| 008 | 211119s9999||||xx |||||||||||||| ||und|| | ||
| 082 |
_a820 G_WYL _bWYL-C |
||
| 100 | _aWyld, Henry Cecil | ||
| 245 | 0 | _aChemistry of the Elements | |
| 260 |
_bPearson _a2000 _cNew York |
||
| 650 |
_aLiterature _vEnglish & old english literatureChemistry _xGeneral Stack |
||
| 942 | _cBOOK | ||
| 999 |
_c113932 _d113932 |
||